[Event "Barcelona Sant Marti op-A 25th"]
[Site "Barcelona"]
[Date "2025.07.19"]
[Round "7"]
[White "Bivor, Adak"]
[Black "Degardin, Sylvain"]
[Result "1-0"]
[WhiteElo "2140"]
[BlackElo "2329"]
[PlyCount "89"]
[EventDate "2025.07.13"]
[EventType "swiss"]
[EventRounds "9"]
[EventCountry "ESP"]
[SourceTitle "CB30_2025"]
[SourceDate "2025.07.23"]
[SourceVersion "1"]
[SourceVersionDate "2025.07.23"]
[SourceQuality "1"]

1. e4 e5 2. Nf3 Nf6 3. d4 Nxe4 4. Bd3 d5 5. Nxe5 Bd6 6. 0-0 0-0 7. c4 c5 8. Nc3 Nxc3 9. bxc3 Bxe5 10. dxe5 dxc4 11. Bxc4 Be6 12. Bxe6 fxe6 13. Qb3 Qe7 14. Bg5 Qxg5 15. Qxb7 Nd7 16. Qxd7 Qxe5 17. Rfe1 Qxc3 18. Qxe6+ Kh8 19. Rad1 h6 20. f3 Rf6 21. Qe4 Raf8 22. Rc1 Qa3 23. Rc2 Rd8 24. Qe3 Qxe3+ 25. Rxe3 Ra6 26. Kf2 Rd4 27. a3 Rda4 28. Rcc3 c4 29. f4 Kg8 30. Kf3 Kf7 31. g3 Rb6 32. h3 Rb1 33. g4 Ra1 34. f5 Kf6 35. Kf4 Rf1+ 36. Kg3 Rg1+ 37. Kh4 Ra1 38. Kh5 Rh1 39. Re6+ Kf7 40. Rce3 Rd1 41. Re7+ Kf8 42. f6 Ra5+ 43. Kg6 Rg5+ 44. Kh7 gxf6 45. Re8+ 1-0

[Event "Barcelona Sant Marti op-A 25th"]
[Site "Barcelona"]
[Date "2025.07.16"]
[Round "4"]
[White "Grigoryan, Karen H"]
[Black "Bivor, Adak"]
[Result "1-0"]
[WhiteElo "2502"]
[BlackElo "2140"]
[PlyCount "95"]
[EventDate "2025.07.13"]
[EventType "swiss"]
[EventRounds "9"]
[EventCountry "ESP"]
[SourceTitle "CB30_2025"]
[SourceDate "2025.07.23"]
[SourceVersion "1"]
[SourceVersionDate "2025.07.23"]
[SourceQuality "1"]

1. Nf3 d5 2. e3 Nf6 3. c4 e6 4. Nc3 a6 5. b3 Bd6 6. Bb2 b6 7. Qc2 Bb7 8. cxd5 exd5 9. Ne2 Nbd7 10. Ng3 g6 11. Be2 0-0 12. 0-0 Re8 13. Rac1 Rc8 14. Qb1 Bf8 15. Rc2 Bg7 16. Rfc1 c6 17. b4 Qe7 18. Bd4 Bf8 19. Rb2 Rc7 20. Rb3 Qd6 21. a3 Ra8 22. d3 Qe7 23. e4 Re8 24. Ba1 Bh6 25. Re1 Bf4 26. Bf1 Qd6 27. Ne2 dxe4 28. dxe4 Rxe4 29. Rd1 Qe7 30. Nxf4 Rxf4 31. Re3 Qf8 32. Qb2 c5 33. Ne5 Qc8 34. bxc5 bxc5 35. Nxd7 Rxd7 36. Rxd7 Qxd7 37. Rb3 Bc6 38. Rd3 Qc7 39. g3 Rf5 40. g4 Rf4 41. g5 c4 42. Rg3 h5 43. Qe5 Qxe5 44. Bxe5 Re4 45. Bxf6 h4 46. f3 Re1 47. Rg2 Bxf3 48. Rd2 1-0

[Event "Barcelona Sant Marti op-A 25th"]
[Site "Barcelona"]
[Date "2025.07.13"]
[Round "1"]
[White "Bivor, Adak"]
[Black "Escribano Rodriguez, Pedro"]
[Result "1-0"]
[WhiteElo "2140"]
[BlackElo "1910"]
[PlyCount "41"]
[EventDate "2025.07.13"]
[EventType "swiss"]
[EventRounds "9"]
[EventCountry "ESP"]
[SourceTitle "CB30_2025"]
[SourceDate "2025.07.23"]
[SourceVersion "1"]
[SourceVersionDate "2025.07.23"]
[SourceQuality "1"]

1. e4 c6 2. d4 d5 3. e5 c5 4. Nf3 Bg4 5. dxc5 Nc6 6. c3 Bxf3 7. Qxf3 e6 8. Be3 Nge7 9. Bd4 Qc7 10. Bb5 h5 11. Nd2 Nf5 12. 0-0 Be7 13. Qe2 g5 14. b4 Kd7 15. Nb3 Rag8 16. Bxc6+ bxc6 17. Qa6 h4 18. Na5 g4 19. b5 cxb5 20. Qxb5+ Kc8 21. Rab1 1-0

[Event "New Delhi op 21st"]
[Site "New Delhi"]
[Date "2025.06.11"]
[Round "7"]
[White "Bivor, Adak"]
[Black "Neelash, Saha"]
[Result "0-1"]
[WhiteElo "2099"]
[BlackElo "2456"]
[PlyCount "116"]
[EventDate "2025.06.07"]
[EventType "swiss"]
[EventRounds "10"]
[EventCountry "IND"]
[SourceTitle "CB26_2025"]
[SourceDate "2025.06.25"]
[SourceVersion "1"]
[SourceVersionDate "2025.06.25"]
[SourceQuality "1"]

1. e4 a6 2. d4 c6 3. Nf3 d5 4. Nc3 Bg4 5. Be3 e6 6. h3 Bh5 7. a3 Nf6 8. Bd3 Bg6 9. e5 Nfd7 10. 0-0 c5 11. dxc5 Bxc5 12. Bxc5 Nxc5 13. Bxg6 hxg6 14. Qd4 Ncd7 15. Rfe1 Nc6 16. Qf4 Rh5 17. g4 g5 18. Qg3 Rh6 19. Rad1 Qe7 20. b4 Nf8 21. b5 Na5 22. bxa6 bxa6 23. Ne2 Ng6 24. Ned4 Kf8 25. Rb1 Kg8 26. Rb4 Rf8 27. Rb6 Qa7 28. Rb4 Nc4 29. c3 a5 30. Rb3 Qe7 31. a4 Rc8 32. Reb1 Nf4 33. h4 f6 34. Rb7 Rc7 35. Rxc7 Qxc7 36. hxg5 fxg5 37. Nxg5 Qxe5 38. Ngf3 Qc7 39. g5 Rh3 40. Qg4 Ne5 41. Nxe5 Qxe5 42. Nf3 Qc7 43. Nd4 e5 44. Ne2 Nxe2+ 45. Qxe2 e4 46. Qg4 Qh2+ 47. Kf1 Rf3 48. Rb2 Kh7 49. c4 Rf4 50. Qg2 Qh5 51. g6+ Kh6 52. Ke1 Rg4 53. Qf1 d4 54. Rb8 Kxg6 55. c5 Qxc5 56. Qa6+ Kh7 57. Qc8 Rg1+ 58. Kd2 Qg5+ 0-1

[Event "Bhubaneswar op 16th"]
[Site "Bhubaneswar"]
[Date "2025.05.13"]
[Round "6"]
[White "Kolla, Bhaavan"]
[Black "Bivor, Adak"]
[Result "1-0"]
[WhiteElo "1966"]
[BlackElo "2140"]
[PlyCount "107"]
[EventDate "2025.05.09"]
[EventType "swiss"]
[EventRounds "10"]
[EventCountry "IND"]
[SourceTitle "CB21_2025"]
[SourceDate "2025.05.21"]
[SourceVersion "1"]
[SourceVersionDate "2025.05.21"]
[SourceQuality "1"]

1. e4 e6 2. d4 d5 3. Nc3 Bb4 4. Nge2 dxe4 5. a3 Bxc3+ 6. Nxc3 Nc6 7. Bf4 Nge7 8. Qd2 e5 9. dxe5 Qxd2+ 10. Bxd2 Bf5 11. 0-0-0 0-0-0 12. Re1 Nxe5 13. Nxe4 f6 14. Ng3 Bg6 15. b4 Nf5 16. Nxf5 Bxf5 17. Bc3 Nc6 18. g4 Bg6 19. Bc4 Rhe8 20. Be6+ Kb8 21. f4 Re7 22. f5 Bf7 23. b5 Ne5 24. Bxf7 Rxf7 25. Bxe5 fxe5 26. Rxe5 b6 27. Rhe1 Rd4 28. h3 h5 29. R1e4 Rxe4 30. Rxe4 hxg4 31. hxg4 Kc8 32. Re6 Rd7 33. c3 Kb7 34. Kc2 a6 35. a4 axb5 36. axb5 Kc8 37. Re4 Kb7 38. Rd4 Rf7 39. Kd3 c6 40. bxc6+ Kxc6 41. Ke4 b5 42. Kf4 g6 43. Ke5 gxf5 44. Ke6 Rf8 45. Ke7 Rh8 46. gxf5 Rh3 47. Rd6+ Kc7 48. f6 Rh7+ 49. Ke6 Rh3 50. Rd5 Kc6 51. Re5 Rxc3 52. f7 Rf3 53. Rf5 Re3+ 54. Kf6 1-0

[Event "Bhubaneswar op 16th"]
[Site "Bhubaneswar"]
[Date "2025.05.09"]
[Round "1"]
[White "Bivor, Adak"]
[Black "Khadanga, Omm Aditya"]
[Result "1/2-1/2"]
[WhiteElo "2140"]
[BlackElo "1952"]
[PlyCount "151"]
[EventDate "2025.05.09"]
[EventType "swiss"]
[EventRounds "10"]
[EventCountry "IND"]
[SourceTitle "CB21_2025"]
[SourceDate "2025.05.21"]
[SourceVersion "1"]
[SourceVersionDate "2025.05.21"]
[SourceQuality "1"]

1. e4 e5 2. Nf3 Nc6 3. Bb5 a6 4. Ba4 d6 5. Bxc6+ bxc6 6. d4 exd4 7. Qxd4 Qf6 8. Qc4 Bd7 9. Nc3 Ne7 10. Bg5 Qe6 11. Qe2 h6 12. Bf4 g5 13. Be3 c5 14. Nd5 Nxd5 15. exd5 Qe7 16. h4 g4 17. Nh2 f5 18. Nf1 Bg7 19. c3 Rb8 20. Bc1 Qxe2+ 21. Kxe2 Kf7 22. f4 gxf3+ 23. Kxf3 c6 24. dxc6 Bxc6+ 25. Kf2 Be5 26. Rg1 Rhg8 27. g3 d5 28. Ne3 Kf6 29. Nd1 h5 30. Bg5+ Rxg5 31. hxg5+ Kxg5 32. Rc1 d4 33. Re1 Be4 34. cxd4 Bxd4+ 35. Kf1 Bd3+ 36. Kg2 Be4+ 37. Kh3 Rh8 38. Nc3 Ba8 39. Ne2 Be3 40. Nf4 Bxc1 41. Rxc1 Rc8 42. Rxc5 Rxc5 43. Ne6+ Kf6 44. Nxc5 a5 45. Kh4 Bf3 46. Nd3 Bd1 47. b3 Bc2 48. Nc5 Bd1 49. Nb7 a4 50. bxa4 Bxa4 51. Nc5 Bd1 52. Nd3 Kg6 53. Nf4+ Kf6 54. Nxh5+ Ke5 55. Nf4 Kd4 56. Kg5 Bc2 57. Ne6+ Kc3 58. a3 Kb2 59. Nd4 Bd1 60. Nb5 Ba4 61. Nd4 Kxa3 62. Kxf5 Bd1 63. Kf4 Kb4 64. Nf3 Kc5 65. g4 Kd5 66. g5 Bxf3 67. Kxf3 Ke6 68. Kg4 Kf7 69. Kf5 Kg7 70. g6 Kg8 71. Kf6 Kf8 72. Kg5 Kg7 73. Kf5 Kg8 74. Kf6 Kf8 75. g7+ Kg8 76. Kg6 1/2-1/2

[Event "Dhaka Elegant Chess Academy 1st"]
[Site "Dhaka"]
[Date "2024.07.13"]
[Round "3.4"]
[White "Bivor, Adak"]
[Black "Md Jamal, Uddin"]
[Result "1-0"]
[WhiteElo "1933"]
[BlackElo "1985"]
[PlyCount "135"]
[EventDate "2024.07.11"]
[EventType "team-tourn"]
[EventRounds "11"]
[EventCountry "BAN"]
[SourceTitle "EXT 2025"]
[Source "ChessBase"]
[SourceDate "2024.10.14"]
[SourceVersion "1"]
[SourceVersionDate "2024.10.14"]
[SourceQuality "1"]
[WhiteTeam "Esoft Arena"]
[BlackTeam "Sultana Kamal Smirity"]
[WhiteTeamCountry "BAN"]
[BlackTeamCountry "BAN"]

1. e4 c5 2. Nf3 d6 3. d4 cxd4 4. Nxd4 Nf6 5. Nc3 a6 6. Bg5 e6 7. Qf3 Nbd7 8. 0-0-0 Qc7 9. Qg3 b5 10. Bxb5 axb5 11. Ndxb5 Qb8 12. Nxd6+ Bxd6 13. Rxd6 0-0 14. Rhd1 Qb7 15. f3 Ne8 16. R6d4 f6 17. Be3 Ne5 18. f4 Nc6 19. Rc4 Na5 20. Rc5 Bd7 21. Bf2 Rf7 22. Qd3 Bc6 23. a3 Rd7 24. Qe2 Rxd1+ 25. Qxd1 Qd7 26. Qxd7 Bxd7 27. e5 Nb7 28. Rc4 Rc8 29. Rxc8 Bxc8 30. b4 Kf7 31. Ne4 Bd7 32. Kd2 Bc6 33. Kd3 Ke7 34. g4 Kd7 35. c4 Kc7 36. Bd4 f5 37. gxf5 exf5 38. Nc3 Nd8 39. Be3 Ne6 40. Nd5+ Kd7 41. h4 N8c7 42. Nxc7 Nxc7 43. b5 Nxb5 44. cxb5 Bxb5+ 45. Kd4 Kc6 46. Bd2 Ba6 47. a4 g6 48. a5 Bc8 49. Bc3 Ba6 50. Bb4 Bc8 51. Be7 Kd7 52. Ba3 Kc6 53. Bf8 h5 54. Ba3 Be6 55. a6 Kb6 56. a7 Kxa7 57. Kc5 Bb3 58. Kd6 Kb6 59. e6 Kb5 60. e7 Bf7 61. Kd7 Kc4 62. e8Q Bxe8+ 63. Kxe8 Kd5 64. Kf7 Ke4 65. Bd6 Kf3 66. Kxg6 Kg4 67. Bc7 Kxh4 68. Kxf5 1-0

[Event "Dhaka Elegant Chess Academy 1st"]
[Site "Dhaka"]
[Date "2024.07.11"]
[Round "1.3"]
[White "Bivor, Adak"]
[Black "Shourya, Paul"]
[Result "1/2-1/2"]
[WhiteElo "1933"]
[BlackElo "1851"]
[PlyCount "71"]
[EventDate "2024.07.11"]
[EventType "team-tourn"]
[EventRounds "11"]
[EventCountry "BAN"]
[SourceTitle "EXT 2025"]
[Source "ChessBase"]
[SourceDate "2024.10.14"]
[SourceVersion "1"]
[SourceVersionDate "2024.10.14"]
[SourceQuality "1"]
[WhiteTeam "Esoft Arena"]
[BlackTeam "Buriganga"]
[WhiteTeamCountry "BAN"]
[BlackTeamCountry "BAN"]

1. e4 e5 2. Nf3 Nc6 3. Bc4 Nf6 4. d3 Bc5 5. c3 d6 6. 0-0 a6 7. a4 Ba7 8. Re1 h6 9. Nbd2 0-0 10. h3 Re8 11. b4 Nh5 12. Nf1 Qf6 13. Ne3 Nf4 14. Ng4 Bxg4 15. hxg4 Ne7 16. Be3 d5 17. exd5 Bxe3 18. fxe3 Nfxd5 19. Qb3 Rad8 20. Ra2 Rf8 21. Rf2 Qd6 22. d4 e4 23. Ne5 f6 24. Bxd5+ Qxd5 25. Qxd5+ Rxd5 26. Nc4 Rg5 27. Rf4 Nd5 28. Rxe4 Nxc3 29. Re7 Rf7 30. Re8+ Rf8 31. Re7 Rf7 32. Re8+ Kh7 33. Na5 c6 34. Rb8 Nxa4 35. Rxb7 Rxb7 36. Nxb7 1/2-1/2

[Event "Udaipur Holi Cup 6th"]
[Site "Udaipur"]
[Date "2024.04.01"]
[Round "4"]
[White "Godson, Merlin E"]
[Black "Bivor, Adak"]
[Result "1/2-1/2"]
[WhiteElo "1788"]
[BlackElo "1898"]
[PlyCount "82"]
[EventDate "2024.03.31"]
[EventType "swiss"]
[EventRounds "9"]
[EventCountry "IND"]
[SourceTitle "CBM 219 Extra"]
[Source "ChessBase"]
[SourceDate "2024.05.31"]
[SourceVersion "1"]
[SourceVersionDate "2024.05.31"]
[SourceQuality "1"]

1. Nf3 d5 2. d4 Nf6 3. c4 e6 4. Nc3 c6 5. Bg5 Nbd7 6. e3 Qa5 7. Qb3 Ne4 8. cxd5 exd5 9. Bf4 Ndf6 10. Bd3 Bb4 11. Rc1 Bf5 12. Ne5 0-0 13. f3 Nd6 14. a3 Bxc3+ 15. Qxc3 Qxc3+ 16. Rxc3 Bxd3 17. Nxd3 Nc4 18. g4 Rfe8 19. Kf2 Nd7 20. a4 Re6 21. b3 Nd6 22. Bg3 g5 23. h4 h6 24. hxg5 hxg5 25. Rh5 f6 26. Bxd6 Rxd6 27. Rc1 Nf8 28. f4 gxf4 29. Nxf4 Re8 30. Rch1 b6 31. b4 a5 32. bxa5 bxa5 33. Rb1 Ne6 34. Rb7 Nxf4 35. exf4 Rde6 36. Rhh7 Re2+ 37. Kf1 Re1+ 38. Kf2 R8e2+ 39. Kf3 Re3+ 40. Kf2 R1e2+ 41. Kf1 Re1+ 1/2-1/2

[Event "IND-ch U15 48th"]
[Site "Jalgaon"]
[Date "2024.01.02"]
[Round "9"]
[White "Anirudh, R."]
[Black "Bivor, Adak"]
[Result "0-1"]
[WhiteElo "1621"]
[BlackElo "1791"]
[PlyCount "48"]
[EventDate "2023.12.27"]
[EventType "swiss"]
[EventRounds "11"]
[EventCountry "IND"]
[SourceTitle "CBM 218 Extra"]
[Source "ChessBase"]
[SourceDate "2024.03.31"]
[SourceVersion "1"]
[SourceVersionDate "2024.03.31"]
[SourceQuality "1"]

1. d4 Nf6 2. Nf3 e6 3. Bf4 c5 4. e3 Nc6 5. Nbd2 Be7 6. c3 Nh5 7. dxc5 Nxf4 8. exf4 Bxc5 9. Ne4 b6 10. Ne5 Qc7 11. Qh5 Nxe5 12. fxe5 Bb7 13. Bd3 Be7 14. f4 g6 15. Qe2 0-0 16. 0-0 d6 17. exd6 Bxd6 18. g3 Bc5+ 19. Rf2 Bxe4 20. Qxe4 Bxf2+ 21. Kxf2 Qc5+ 22. Ke2 Rad8 23. Qe5 Qxe5+ 24. fxe5 Rd5 0-1

[Event "IND-ch U15 48th"]
[Site "Jalgaon"]
[Date "2023.12.30"]
[Round "5"]
[White "Daksh, Goyal"]
[Black "Bivor, Adak"]
[Result "1-0"]
[WhiteElo "1814"]
[BlackElo "1791"]
[PlyCount "154"]
[EventDate "2023.12.27"]
[EventType "swiss"]
[EventRounds "11"]
[EventCountry "IND"]
[SourceTitle "CBM 218 Extra"]
[Source "ChessBase"]
[SourceDate "2024.03.31"]
[SourceVersion "1"]
[SourceVersionDate "2024.03.31"]
[SourceQuality "1"]

1. e4 e5 2. Nf3 Nc6 3. Bb5 a6 4. Ba4 b5 5. Bb3 Na5 6. Bxf7+ Kxf7 7. Nxe5+ Ke7 8. d4 Nf6 9. 0-0 Bb7 10. Qe1 c5 11. dxc5 Ke8 12. b4 Nc6 13. Nxc6 Bxc6 14. Bb2 Be7 15. Nc3 Kf7 16. Rd1 Qb8 17. e5 Ng4 18. f4 Re8 19. Qg3 Nh6 20. Nd5 Bf8 21. Qb3 Qb7 22. Nb6+ Ke7 23. f5 Kd8 24. e6 d5 25. Nxa8 Qxa8 26. f6 gxf6 27. Bxf6+ Kc7 28. Rde1 Be7 29. Qg3+ Kb7 30. Qg7 Ng8 31. Bxe7 Nxe7 32. Rf7 Qd8 33. Qe5 Kc8 34. Qd6 Bb7 35. Qxd8+ Kxd8 36. Rxh7 Bc8 37. c3 Rg8 38. Rf7 Ke8 39. Rf6 Bb7 40. g3 Bc8 41. Kf2 Nc6 42. Rf5 d4 43. cxd4 Nxd4 44. Rf6 Nc6 45. a3 Ne7 46. h4 Bb7 47. Re5 Rg4 48. Rh5 Ng8 49. Rf4 Rg6 50. Rff5 Nf6 51. Rh8+ Ke7 52. Rf4 Kxe6 53. Rb8 Bc6 54. Rd8 Bd7 55. Rd4 Ke7 56. Rb8 Ng4+ 57. Ke2 Re6+ 58. Kd2 Ne5 59. Kc3 Nc6 60. Rb6 Nxd4 61. Kxd4 Re1 62. Rxa6 Rg1 63. Rg6 Ra1 64. h5 Rxa3 65. c6 Be8 66. c7 Ra8 67. Rg8 Kf7 68. Rg5 Rc8 69. h6 Kf6 70. Rg8 Rxc7 71. Rxe8 Kg6 72. Re6+ Kh7 73. Kd5 Rc4 74. Re4 Rc7 75. Rh4 Rc3 76. Kd6 Rxg3 77. Rh5 Rg8 1-0

[Event "IND-ch U15 48th"]
[Site "Jalgaon"]
[Date "2023.12.29"]
[Round "4"]
[White "Bivor, Adak"]
[Black "Samyak, Dharewa"]
[Result "1/2-1/2"]
[WhiteElo "1791"]
[BlackElo "1939"]
[PlyCount "72"]
[EventDate "2023.12.27"]
[EventType "swiss"]
[EventRounds "11"]
[EventCountry "IND"]
[SourceTitle "CBM 218 Extra"]
[Source "ChessBase"]
[SourceDate "2024.03.31"]
[SourceVersion "1"]
[SourceVersionDate "2024.03.31"]
[SourceQuality "1"]

1. e4 c5 2. Nf3 e6 3. d4 cxd4 4. Nxd4 a6 5. Bd3 Nf6 6. 0-0 Qc7 7. Qe2 d6 8. f4 g6 9. Nc3 Bg7 10. e5 Nfd7 11. f5 Nxe5 12. fxe6 Bxe6 13. Nxe6 fxe6 14. Ne4 Nbc6 15. Bg5 Nd4 16. Qd2 Nf5 17. Rxf5 exf5 18. Nxd6+ Kf8 19. Bxf5 h6 20. Rf1 Kg8 21. Bf4 gxf5 22. Qd5+ Kh7 23. Bxe5 Bxe5 24. Qxe5 Rhf8 25. Qe6 Rad8 26. Nxf5 Qc5+ 27. Ne3 Rxf1+ 28. Kxf1 Rf8+ 29. Ke1 Qb4+ 30. c3 Qf4 31. Ke2 Rf7 32. h3 Qf6 33. Qe4+ Qg6 34. Qe5 Rd7 35. g4 Qd3+ 36. Kf3 Rf7+ 1/2-1/2

[Event "Kolkata DBCA op 4th"]
[Site "Kolkata"]
[Date "2023.10.03"]
[Round "8"]
[White "Mitra, Swapan"]
[Black "Bivor, Adak"]
[Result "0-1"]
[WhiteElo "1928"]
[BlackElo "1718"]
[PlyCount "52"]
[EventDate "2023.09.29"]
[EventType "swiss"]
[EventRounds "9"]
[EventCountry "IND"]
[SourceTitle "EXT 2025"]
[Source "ChessBase"]
[SourceDate "2024.10.14"]
[SourceVersion "1"]
[SourceVersionDate "2024.10.14"]
[SourceQuality "1"]

1. Nf3 f5 2. d3 d6 3. e4 e5 4. g3 Nf6 5. Nc3 Nc6 6. Bg2 Be7 7. h3 Be6 8. exf5 Bxf5 9. g4 Be6 10. d4 exd4 11. Nxd4 Nxd4 12. Qxd4 0-0 13. Bxb7 Rb8 14. Bg2 c5 15. Qe3 Bc4 16. Bf1 Bxf1 17. Kxf1 d5 18. g5 d4 19. Qe6+ Kh8 20. gxf6 Rxf6 21. Qd5 Rd6 22. Qe4 dxc3 23. bxc3 Rd1+ 24. Ke2 Rxh1 25. Qxh1 Bf6 26. Qe4 Bxc3 0-1

[Event "Bhubaneswar op-A 14th"]
[Site "Bhubaneswar"]
[Date "2023.06.15"]
[Round "7"]
[White "Bivor, Adak"]
[Black "Arshpreet, Singh"]
[Result "0-1"]
[WhiteElo "1542"]
[BlackElo "1888"]
[PlyCount "132"]
[EventDate "2023.06.11"]
[EventType "swiss"]
[EventRounds "10"]
[EventCountry "IND"]
[SourceTitle "CBM 214 Extra"]
[Source "ChessBase"]
[SourceDate "2023.07.31"]
[SourceVersion "1"]
[SourceVersionDate "2023.07.31"]
[SourceQuality "1"]

1. d4 Nf6 2. Nf3 e6 3. c4 d5 4. g3 Be7 5. Bg2 0-0 6. 0-0 dxc4 7. Qc2 a6 8. a4 Bd7 9. Qxc4 Bc6 10. Bf4 b5 11. Qc2 b4 12. Rc1 Qc8 13. Nbd2 Qb7 14. Nb3 a5 15. Bxc7 Be4 16. Qd2 Na6 17. Nxa5 Qa7 18. Bf4 Nc5 19. dxc5 Qxa5 20. Bd6 Rfd8 21. Qf4 Bxd6 22. cxd6 Qa6 23. Nd4 Bxg2 24. Kxg2 Nd5 25. Qf3 Qxd6 26. Nb5 Qe5 27. b3 Rdb8 28. Rab1 Rc8 29. Rc4 Rab8 30. Rbc1 Rxc4 31. Rxc4 Qb2 32. e4 Ne7 33. Rc7 Ng6 34. Qxf7+ Kh8 35. Nc3 Rg8 36. Nb5 Rf8 37. Qxf8+ Nxf8 38. Rc8 Kg8 39. a5 Qa2 40. Nd4 Qxa5 41. Nxe6 Kf7 42. Nxf8 Qa3 43. Nd7 Qxb3 44. Nc5 Qc4 45. Rc7+ Ke8 46. e5 Qd5+ 47. f3 Qxe5 48. Rc8+ Ke7 49. Ne4 b3 50. Rc3 Qb5 51. Re3 Kd8 52. Nd2 b2 53. Kf2 Qc5 54. Ke2 Qc2 55. Ke1 b1Q+ 56. Nxb1 Qxb1+ 57. Kf2 Qh1 58. g4 Qxh2+ 59. Ke1 Kd7 60. Re2 Qg3+ 61. Rf2 Ke6 62. Ke2 Ke5 63. Rf1 Kf4 64. Rf2 Qg1 65. Rf1 Qe3+ 66. Kd1 Qd3+ 0-1

[Event "Bhubaneswar op-A 14th"]
[Site "Bhubaneswar"]
[Date "2023.06.13"]
[Round "4"]
[White "Aleksandrov, Aleksej"]
[Black "Bivor, Adak"]
[Result "1-0"]
[WhiteElo "2461"]
[BlackElo "1542"]
[PlyCount "55"]
[EventDate "2023.06.11"]
[EventType "swiss"]
[EventRounds "10"]
[EventCountry "IND"]
[SourceTitle "CBM 214 Extra"]
[Source "ChessBase"]
[SourceDate "2023.07.31"]
[SourceVersion "1"]
[SourceVersionDate "2023.07.31"]
[SourceQuality "1"]

1. d4 d5 2. c4 c6 3. Nf3 Nf6 4. e3 Bg4 5. Nc3 e6 6. h3 Bh5 7. g4 Bg6 8. Ne5 Nbd7 9. h4 dxc4 10. Nxg6 hxg6 11. g5 Nd5 12. Bxc4 N7b6 13. Be2 Be7 14. e4 Nxc3 15. bxc3 c5 16. Be3 cxd4 17. cxd4 Rc8 18. Qb3 Qd6 19. Kf1 Kf8 20. Kg2 Kg8 21. a4 Qb4 22. Qxb4 Bxb4 23. a5 Nc4 24. Bxc4 Rxc4 25. Ra4 b5 26. axb6 a5 27. b7 Kh7 28. Bf4 1-0